Towards a learning society / (Record no. 126543)

MARC details
000 -LEADER
fixed length control field 00702nam a22002297a 4500
005 - DATE AND TIME OF LATEST TRANSACTION
control field 20170124110011.0
010 ## - LIBRARY OF CONGRESS CONTROL NUMBER
LC control number A-317385
020 ## - INTERNATIONAL STANDARD BOOK NUMBER
Terms of availability 120.00
International Standard Book Number 8185119341
035 ## - SYSTEM CONTROL NUMBER
System control number A-317385
037 ## - SOURCE OF ACQUISITION
Source of stock number/acquisition Cen Lib/ Ret
040 ## - CATALOGING SOURCE
Original cataloging agency DPL
Language of cataloging EN
082 ## - DEWEY DECIMAL CLASSIFICATION NUMBER
Classification number 370
Item number MEH
100 ## - MAIN ENTRY--PERSONAL NAME
Personal name Mehdi, Baqer
9 (RLIN) 17799
245 ## - TITLE STATEMENT
Title Towards a learning society /
Statement of responsibility, etc by Baqer Mehdi
260 ## - PUBLICATION, DISTRIBUTION, ETC. (IMPRINT)
Place of publication, distribution, etc New Delhi
Name of publisher, distributor, etc Northen book center
Date of publication, distribution, etc 1987
270 ## - ADDRESS
Address 4221/1,Ansari Road Darya Ganj
City New Delhi
Postal code 110002
300 ## - PHYSICAL DESCRIPTION
Extent x,216p.
Dimensions 21cm(Hb)
500 ## - GENERAL NOTE
General note Includes bibliographical reference and index
650 ## - SUBJECT ADDED ENTRY--TOPICAL TERM
Topical term or geographic name as entry element Education, Higher
9 (RLIN) 8924
650 ## - SUBJECT ADDED ENTRY--TOPICAL TERM
Topical term or geographic name as entry element Vocational education
9 (RLIN) 7658
942 ## - ADDED ENTRY ELEMENTS (KOHA)
Source of classification or shelving scheme Dewey Decimal Classification
Koha item type English Books
Classification part 370
Call number suffix MEH
Holdings
Withdrawn status Lost status Damaged status Not for loan Home library Current library Date acquired Source of acquisition Cost, normal purchase price Total Checkouts Full call number Barcode Date last seen Copy number Cost, replacement price Price effective from Koha item type Public note
Written off       Central Library Central Library 25/06/2015 Cen Lib/Ret 120.00   370 MEH A-317385 25/06/2015 1 120.00 25/06/2015 English Books Written off on approval by DLB (By Circulation); dtd 15-06-2023

© Delhi Public Library
Hit Counter
free hit counter